000 00785cab a2200241 4500
001 WB2931-59
008 090401t1993 xxu||||| |||| 00| 0 eng d
035 _a(Sirsi) u5938
041 _aeng
245 _aEstate agents turn a profit
260 _c1993
350 _a0
490 _aFinancial Times
_v21 August 1993, 4(1)
520 _aLooks at the comeback of the traditional estate agent as the mortgage lenders and life assurance companies sell-off the estate agency chains they purchased about six years ago.
650 _aBUILDING SOCIETIES
650 _aCORNERSTONE
650 _aESTATE AGENTS
650 _aINDEPENDENT AGENTS
650 _aRESIDENTIAL AGENTS
690 _aMANAGEMENT-BUSINESS MANAGEMENT-PROFESSIONAL PRACTICE
942 _n0
948 _c04/03/1997
999 _c3557
_d3557